| 000 | 00641nam a2200217 a 4500 | ||
|---|---|---|---|
| 005 | 20140311163010.0 | ||
| 008 | 051129s19uu xx 00 eng d | ||
| 020 | _a9789812471765 | ||
| 050 |
_aRT 41 _b.C635 2005 |
||
| 100 |
_aKozier _931249 |
||
| 245 |
_aClinical handbook for fundamentals of nursing : _bconcepts, process and practice / _cKozier, et al. ; |
||
| 250 | _a7th | ||
| 260 |
_aSingapore : _bPrentice Hall, _c2004. |
||
| 300 |
_a281 p. : _c20 cm. |
||
| 650 |
_aNursing _xClinical handbook. _931250 |
||
| 700 |
_aErb _931251 |
||
| 700 |
_aBerman _931252 |
||
| 700 |
_aSnyder _931253 |
||
| 942 |
_cBK _2lcc _kFOR |
||
| 999 |
_c39368 _d39368 |
||